Sesiones de la reunión de parlamentarios iberoamericanos sobre ciencia y tecnología / (Registro nro. 41408)
[ vista simple ]
| 000 -CABECERA | |
|---|---|
| campo de control de longitud fija | 00711nam a2200169 a 4500 |
| 001 - NÚMERO DE CONTROL | |
| campo de control | 000041919 |
| 005 - FECHA Y HORA DE LA ÚLTIMA TRANSACCIÓN | |
| campo de control | 20201002035830.0 |
| 008 - DATOS DE LONGITUD FIJA--INFORMACIÓN GENERAL | |
| campo de control de longitud fija | 131022s1986 sp 000 0 spa d |
| 020 ## - NÚMERO INTERNACIONAL ESTÁNDAR DEL LIBRO | |
| Número Internacional Estándar del Libro | 8400062523 |
| 040 ## - FUENTE DE LA CATALOGACIÓN | |
| Centro catalogador/agencia de origen | DO-SdBNP |
| Lengua de catalogación | spa |
| Centro/agencia transcriptor | BNPHU |
| 082 ## - NÚMERO DE LA CLASIFICACIÓN DECIMAL DEWEY | |
| Número de clasificación | xxx |
| Número de documento/Ítem | xxx |
| 111 1# - ENTRADA PRINCIPAL--NOMBRE DE CONGRESO/REUNIÓN | |
| Nombre de congreso/reunión o jurisdicción como elemento de entrada | Reunión de Parlamentarios Iberoamericanos sobre Ciencia y Tecnología |
| Número del congreso/reunión o número de parte o sección | (11 al 15 de noviembre : |
| Fecha del congreso/reunión | 1985 |
| Sede del congreso/Lugar de la reunión | Madrid y Salamanca) |
| 9 (RLIN) | 68820 |
| 245 10 - MENCIÓN DE TÍTULO | |
| Título | Sesiones de la reunión de parlamentarios iberoamericanos sobre ciencia y tecnología / |
| Mención de responsabilidad, etc. | edición a cargo de Alíder Cragnolini. |
| 260 ## - PUBLICACIÓN, DISTRIBUCIÓN, ETC. | |
| Lugar de publicación, distribución, etc. | Madrid : |
| Nombre del editor, distribuidor, etc. | Consejo Superior de Investigaciones Científicas, |
| Fecha de publicación, distribución, etc. | 1986. |
| 300 ## - DESCRIPCIÓN FÍSICA | |
| Extensión | 295 p. : |
| Otras características físicas | il. ; |
| Dimensiones | 24 cm. |
| 700 12 - PUNTO DE ACCESO ADICIONAL--NOMBRE DE PERSONA | |
| Nombre de persona | Cragnolini, Alíder |
| Término indicativo de función/relación | ed. |
| 9 (RLIN) | 68821 |
| Estado de retiro | Estado de pérdida | Restricciones de uso | No para préstamo | Código de colección | Localización permanente | Ubicación/localización actual | Ubicación en estantería | Fecha de adquisición | Número de inventario | Total de préstamos | Signatura topográfica completa | Código de barras | Fecha visto por última vez | Precio válido a partir de | Tipo de ítem Koha |
|---|---|---|---|---|---|---|---|---|---|---|---|---|---|---|---|
| Excluido de préstamo | Monografías: Libros y Folletos | General | General | En catalogación | 22.10.2013 | LF1 | xxx xxx | 41919-10 | 25.06.2020 | 25.06.2020 | No se presta |
